[Event "Sri Lanka National B Chess Championship 2015"]
[Site "SLIIT, Malabe"]
[Date "2015.06.20"]
[Round "3"]
[Board "19"]
[White "Madushanka, Harsha"]
[Black "Weerakoon, R K B"]
[Result "1-0"]
[WhiteElo "1839"]
[BlackElo "1535"]
[PlyCount "143"]
[EventDate "2015.06.19"]
[EventRounds "10"]
[EventCountry "SRI"]

1. e4 e6 2. d4 d5 3. exd5 exd5 4. c4 dxc4 5. Bxc4 Nf6 6. Nf3 Be7 7. Qb3 O-O 8.
Ne5 Qe8 9. O-O Nbd7 10. Nc3 Nb6 11. Nb5 Bd6 12. Re1 Nxc4 13. Qxc4 Be6 14. Qd3
h6 15. Bd2 Qd8 16. Nxd6 Qxd6 17. a3 Rfd8 18. Bc3 Nd5 19. Qc2 Nxc3 20. bxc3 c5
21. Red1 cxd4 22. Qe4 Qc5 23. cxd4 Qd5 24. Qf4 Qd6 25. Qe3 Rac8 26. Rac1 Rxc1
27. Qxc1 f6 28. Ng6 Bf5 29. Nf4 g5 30. Ne2 Rc8 31. Qe3 Kg7 32. h3 Rc7 33. Ng3
Bg6 34. Re1 Rd7 35. Rd1 Re7 36. Qc3 Rc7 37. Qe3 Re7 38. Qb3 h5 39. Nf1 Rc7 40.
Ne3 Kf8 41. d5 b6 42. a4 Rc5 43. Nc4 Qd7 44. Ne3 Bf7 45. Qb4 Kg7 46. d6 Ra5 47.
Kh1 Rxa4 48. Qxa4 Qxa4 49. d7 Bb3 50. d8=Q Bxd1 51. Qxd1 Qxd1+ 52. Nxd1 a5 53.
Nc3 Kf7 54. Kg1 Ke6 55. Kf1 Ke5 56. Ke2 f5 57. Kd3 g4 58. h4 f4 59. f3 Kf5 60.
Kd4 gxf3 61. gxf3 Kg6 62. Ke5 Kh6 63. Kxf4 Kg6 64. Ke5 Kf7 65. f4 Ke7 66. Nd5+
Kf7 67. Nxb6 Ke7 68. f5 Kf7 69. f6 Kf8 70. Ke6 a4 71. f7 a3 72. Nd7+ 1-0

[Event "Sri Lanka National B Chess Championship 2015"]
[Site "SLIIT, Malabe"]
[Date "2015.06.20"]
[Round "3"]
[Board "20"]
[White "Subasinghe, K R V R"]
[Black "Sandeepa, Haputhanthrige N Aks"]
[Result "1-0"]
[WhiteElo "1835"]
[BlackElo "1458"]
[PlyCount "79"]
[EventDate "2015.06.19"]
[EventRounds "10"]
[EventCountry "SRI"]

1. e4 c5 2. c3 d5 3. exd5 Qxd5 4. d4 Nf6 5. Nf3 Bg4 6. Be2 Nc6 7. dxc5 Qxd1+ 8.
Bxd1 e5 9. Be3 e4 10. Nfd2 Bxd1 11. Kxd1 a5 12. Na3 O-O-O 13. Kc2 Rd5 14. Rhe1
Ne5 15. Nac4 Nxc4 16. Nxc4 Bxc5 17. Bxc5 Rxc5 18. Nd6+ Kc7 19. Nxe4 Nxe4 20.
Rxe4 Rd8 21. Rd1 Rxd1 22. Kxd1 Kd7 23. Kd2 Rc6 24. Rh4 h6 25. Rg4 g5 26. Rd4+
Ke7 27. a4 Rb6 28. b4 Ra6 29. b5 Re6 30. Kd3 b6 31. Re4 Rxe4 32. Kxe4 Kd6 33.
Kd4 f6 34. c4 h5 35. f3 f5 36. g3 h4 37. gxh4 gxh4 38. f4 h3 39. c5+ bxc5+ 40.
Kc4 1-0

[Event "Sri Lanka National B Chess Championship 2015"]
[Site "SLIIT, Malabe"]
[Date "2015.06.20"]
[Round "4"]
[Board "1"]
[White "Edirisinghe, Dulan"]
[Black "De Silva, Elath Mathanga"]
[Result "1-0"]
[WhiteElo "2035"]
[BlackElo "1962"]
[PlyCount "141"]
[EventDate "2015.06.19"]
[EventRounds "10"]
[EventCountry "SRI"]

1. e4 c5 2. Nc3 g6 3. f4 Bg7 4. Nf3 Nc6 5. Bb5 Nd4 6. O-O e6 7. d3 Ne7 8. e5 a6
9. Ba4 b5 10. Bb3 d5 11. Nxd4 cxd4 12. Ne2 Qb6 13. Qe1 O-O 14. Bd2 a5 15. a4 b4
16. Rf3 Nf5 17. g4 Ne3 18. g5 Nf5 19. Rh3 h5 20. gxh6 Bxh6 21. Ng3 Nxg3 22.
Qxg3 Bg7 23. Qh4 Re8 24. Re1 Qd8 25. Qf2 Bb7 26. Re2 Bc6 27. Re1 Rc8 28. Ra1
Bb7 29. Qf3 Ba6 30. Be1 Bf8 31. Qg4 Rc6 32. Bh4 Be7 33. Bg5 Bxg5 34. fxg5 Kg7
35. Rf1 Rh8 36. Rff3 Rc8 37. Rxh8 Qxh8 38. Rh3 Qg8 39. Qf4 Qd8 40. Kg2 Bb7 41.
Rh6 Ba6 42. Rh3 Bb7 43. Qh4 Qh8 44. Qxd4 Qd8 45. Qh4 Qh8 46. Qxh8+ Rxh8 47.
Rxh8 Kxh8 48. d4 Kg8 49. Kf2 Kf8 50. Ke3 Ke7 51. Kd2 Kd7 52. c3 bxc3+ 53. Kxc3
Kc6 54. Bd1 Kb6 55. b4 Bc6 56. b5 Be8 57. Be2 Bd7 58. Kd2 Be8 59. Ke3 Bd7 60.
Kf4 Be8 61. h4 Bd7 62. Kg4 Be8 63. h5 gxh5+ 64. Kxh5 Kc7 65. Kh6 Kd8 66. Kg7
Kc7 67. Kf6 Kd7 68. Bd3 Kd8 69. Bc2 Kd7 70. b6 Kc6 71. Ke7 1-0

[Event "Sri Lanka National B Chess Championship 2015"]
[Site "SLIIT, Malabe"]
[Date "2015.06.20"]
[Round "4"]
[Board "2"]
[White "Peiris, T S S"]
[Black "Priyankara, Chamil"]
[Result "1/2-1/2"]
[WhiteElo "2026"]
[BlackElo "1959"]
[PlyCount "42"]
[EventDate "2015.06.19"]
[EventRounds "10"]
[EventCountry "SRI"]

1. e4 c5 2. c3 d5 3. exd5 Nf6 4. Bb5+ Nbd7 5. d4 Qb6 6. Bc4 cxd4 7. Nf3 Qd8 8.
Qxd4 Nb6 9. Bb5+ Bd7 10. Bxd7+ Qxd7 11. c4 g6 12. O-O Bg7 13. Nc3 O-O 14. Qh4
Rac8 15. b3 Nfxd5 16. Nxd5 Nxd5 17. Bh6 Nf6 18. Rad1 Qf5 19. Bxg7 Kxg7 20. Rfe1
Rfd8 21. Nd4 Qc5 1/2-1/2

[Event "Sri Lanka National B Chess Championship 2015"]
[Site "SLIIT, Malabe"]
[Date "2015.06.20"]
[Round "4"]
[Board "3"]
[White "Wijekoon, Chandana"]
[Black "Doluweera, Minul Sanjula"]
[Result "1/2-1/2"]
[WhiteElo "2007"]
[BlackElo "2046"]
[PlyCount "70"]
[EventDate "2015.06.19"]
[EventRounds "10"]
[EventCountry "SRI"]

1. e4 c5 2. Nf3 d6 3. Bb5+ Bd7 4. Bxd7+ Qxd7 5. O-O Nc6 6. c3 d5 7. d3 g6 8.
Qe2 Bg7 9. Na3 a6 10. Bf4 Nf6 11. Rfe1 O-O 12. Rad1 b5 13. Nc2 e6 14. e5 Ne8
15. d4 cxd4 16. cxd4 Rc8 17. Ne3 Qa7 18. Ng4 h5 19. Ne3 f5 20. Qd2 b4 21. Rc1
Qd7 22. Rc5 Nc7 23. Rec1 Nb5 24. Nc2 Rfe8 25. Bh6 b3 26. axb3 Na5 27. Na1 Nb7
28. Rxc8 Rxc8 29. Rxc8+ Qxc8 30. Bxg7 Kxg7 31. h4 Nd8 32. Qg5 Nc6 33. Qf6+ Kh6
34. Ng5 Ncxd4 35. Kh2 Qg8 1/2-1/2

[Event "Sri Lanka National B Chess Championship 2015"]
[Site "SLIIT, Malabe"]
[Date "2015.06.20"]
[Round "4"]
[Board "4"]
[White "Herath, H M A K"]
[Black "Jayasundara, P K U M"]
[Result "1/2-1/2"]
[WhiteElo "1910"]
[BlackElo "2031"]
[PlyCount "45"]
[EventDate "2015.06.19"]
[EventRounds "10"]
[EventCountry "SRI"]

1. e4 e5 2. Nf3 Nc6 3. Bc4 Bc5 4. d3 Nf6 5. Nc3 O-O 6. Be3 d6 7. O-O Bb6 8. h3
Na5 9. Bb3 Nxb3 10. axb3 c5 11. Nd2 h6 12. Nc4 Bc7 13. f4 b6 14. Qf3 Kh7 15.
fxe5 dxe5 16. Bf2 Ng8 17. Bg3 f6 18. Kh1 Be6 19. Ne3 Ne7 20. Bh2 a5 21. Ng4 Qd7
22. Ne3 Rad8 23. Ne2 1/2-1/2

[Event "Sri Lanka National B Chess Championship 2015"]
[Site "SLIIT, Malabe"]
[Date "2015.06.20"]
[Round "4"]
[Board "5"]
[White "Galappaththi, Chinthaka Anurud"]
[Black "Lamawansa, Yasas"]
[Result "1-0"]
[WhiteElo "2129"]
[BlackElo "1960"]
[PlyCount "139"]
[EventDate "2015.06.19"]
[EventRounds "10"]
[EventCountry "SRI"]

1. Nf3 d5 2. d4 Nf6 3. e3 Bg4 4. c4 e6 5. Qb3 Bxf3 6. gxf3 Nbd7 7. Nc3 dxc4 8.
Bxc4 c5 9. d5 Ne5 10. Bb5+ Ke7 11. f4 Ng6 12. e4 Qc7 13. d6+ Qxd6 14. e5 Nxe5
15. fxe5 Qxe5+ 16. Be2 b6 17. Bd2 Ne4 18. Nxe4 Qxe4 19. Qf3 Qxf3 20. Bxf3 Rd8
21. O-O-O f6 22. Be3 g6 23. Rxd8 Kxd8 24. Rd1+ Kc7 25. Bg4 Bd6 26. Bxe6 Re8 27.
Bc4 Re4 28. Bd5 Rh4 29. Rh1 Rh3 30. Kc2 g5 31. Be6 Rxh2 32. Rxh2 Bxh2 33. Bf5
h5 34. Kd3 Kd6 35. Ke4 b5 36. b3 Be5 37. b4 cxb4 38. Bxa7 Kc6 39. Bg6 h4 40.
Bf5 Bc3 41. f3 Kd6 42. Be3 Kc6 43. Bf2 Kd6 44. f4 Bd2 45. fxg5 fxg5 46. Bg4 Bc1
47. Bd4 Bf4 48. Bf6 Kc5 49. Bd4+ Kd6 50. Bf2 Bc1 51. Ba7 Bd2 52. Bb8+ Kc5 53.
Kd3 Bc1 54. Kc2 Bf4 55. Bxf4 gxf4 56. Kd3 Kd5 57. Bd7 Kd6 58. Bh3 Kd5 59. Bg2+
Ke5 60. Bf3 Kf5 61. Kd4 h3 62. Kd5 Kf6 63. Ke4 Kg5 64. Ke5 h2 65. Ke4 h1=Q 66.
Bxh1 Kg4 67. Bf3+ Kg3 68. Be2 Kf2 69. Bxb5 f3 70. Kd4 1-0

[Event "Sri Lanka National B Chess Championship 2015"]
[Site "SLIIT, Malabe"]
[Date "2015.06.20"]
[Round "4"]
[Board "6"]
[White "Kurukulasuriya, Prasanna"]
[Black "Prabajith, Asela"]
[Result "1-0"]
[WhiteElo "2102"]
[BlackElo "1845"]
[PlyCount "141"]
[EventDate "2015.06.19"]
[EventRounds "10"]
[EventCountry "SRI"]

1. e4 c5 2. Nf3 d6 3. d4 cxd4 4. Nxd4 Nf6 5. Nc3 a6 6. Be3 e6 7. f3 Be7 8. Qd2
Nc6 9. O-O-O O-O 10. g4 Nd7 11. Bd3 Nde5 12. Qe2 Nxd3+ 13. cxd3 Bd7 14. Kb1 b5
15. Qd2 Nxd4 16. Bxd4 b4 17. Ne2 e5 18. Be3 Be6 19. Qxb4 Qd7 20. Rc1 d5 21. Bc5
Rab8 22. Qa3 Bg5 23. Rc2 d4 24. h4 Bd8 25. f4 Bxg4 26. fxe5 Rb5 27. Nxd4 Rb7
28. Bd6 Bb6 29. Qc3 Bxd4 30. Qxd4 Be6 31. Rg1 Kh8 32. Qc3 h5 33. Qc6 Rc8 34.
Qxc8+ Qxc8 35. Rxc8+ Bxc8 36. Bf8 Bg4 37. Kc2 Kg8 38. Bd6 f5 39. exf5 Bxf5 40.
b4 Kf7 41. Kc3 Ke6 42. Kd4 g6 43. Rc1 Rb5 44. Ke3 Kd5 45. Rc2 Rb6 46. Rc5+ Ke6
47. a3 Bg4 48. d4 Rb5 49. d5+ Kd7 50. Kd4 Rb7 51. Bf8 Ke8 52. Bh6 Kf7 53. Bg5
Ra7 54. e6+ Bxe6 55. dxe6+ Kxe6 56. Rc6+ Kf7 57. Kc5 a5 58. b5 a4 59. Kb6 Ra8
60. Kb7 Re8 61. Rc4 Re5 62. b6 Rb5 63. Kc7 Rb3 64. b7 Rxa3 65. b8=Q Ke6 66.
Rc6+ Kf5 67. Qf8+ Kg4 68. Qxa3 Kf5 69. Qf3+ Ke5 70. Rd6 a3 71. Bf6# 1-0

[Event "Sri Lanka National B Chess Championship 2015"]
[Site "SLIIT, Malabe"]
[Date "2015.06.20"]
[Round "4"]
[Board "7"]
[White "Liyanapathirana, Pasan Vindula"]
[Black "Naotunna, Dineth Nimnaka"]
[Result "1/2-1/2"]
[WhiteElo "1847"]
[BlackElo "2006"]
[PlyCount "65"]
[EventDate "2015.06.19"]
[EventRounds "10"]
[EventCountry "SRI"]

1. e4 c5 2. Nf3 Nc6 3. Nc3 e6 4. d4 cxd4 5. Nxd4 a6 6. Be3 Nf6 7. Nxc6 bxc6 8.
e5 Nd5 9. Nxd5 cxd5 10. Bd3 d6 11. exd6 Bxd6 12. f4 Qh4+ 13. g3 Qe7 14. O-O O-O
15. Qe2 Bb7 16. c3 f6 17. c4 e5 18. fxe5 Bxe5 19. cxd5 Bxd5 20. Bxh7+ Kxh7 21.
Qd3+ g6 22. Qxd5 Bxb2 23. Rae1 Rfd8 24. Qc4 Qd6 25. Bc5 Bd4+ 26. Qxd4 Qxd4+ 27.
Bxd4 Rxd4 28. Re7+ Kh6 29. Re6 Ra4 30. Rf2 Kg7 31. Rc2 Kf7 32. Rec6 a5 33. Kg2
{poor recording} 1/2-1/2

[Event "Sri Lanka National B Chess Championship 2015"]
[Site "SLIIT, Malabe"]
[Date "2015.06.20"]
[Round "4"]
[Board "8"]
[White "Madushanka, Harsha"]
[Black "Thilakarathne, G M H"]
[Result "0-1"]
[WhiteElo "1839"]
[BlackElo "1950"]
[PlyCount "86"]
[EventDate "2015.06.19"]
[EventRounds "10"]
[EventCountry "SRI"]

1. e4 c5 2. Nc3 Nc6 3. Nge2 d6 4. d3 g6 5. Be3 Bg7 6. Qd2 Bd7 7. Ng3 Nd4 8. Nd1
e5 9. c3 Ne6 10. Ne2 Bc6 11. c4 b5 12. cxb5 Bxb5 13. Nec3 Bc6 14. Be2 Nd4 15.
O-O Ne7 16. f3 O-O 17. b3 f5 18. Nb2 f4 19. Bxd4 cxd4 20. Ncd1 g5 21. Nf2 h5
22. h3 Rf6 23. Kh2 Ng6 24. Qb4 Nh4 25. Nc4 Rh6 26. Rh1 Qf6 27. Kg1 Bd7 28. Nd2
Rc8 29. Bd1 Rg6 30. Kf1 Bh6 31. Qa3 Rf8 32. Qb2 Rg7 33. Rg1 Kh7 34. a4 g4 35.
fxg4 f3 36. Nxf3 hxg4 37. hxg4 Bxg4 38. Nxh4 Qxh4 39. Bxg4 Rxg4 40. g3 Rxg3 41.
Rxg3 Qxg3 42. Re1 Be3 43. Re2 Qh2 0-1

[Event "Sri Lanka National B Chess Championship 2015"]
[Site "SLIIT, Malabe"]
[Date "2015.06.20"]
[Round "4"]
[Board "9"]
[White "Subasinghe, K R V R"]
[Black "Hapuarachchi, H L M"]
[Result "1/2-1/2"]
[WhiteElo "1835"]
[BlackElo "1900"]
[PlyCount "95"]
[EventDate "2015.06.19"]
[EventRounds "10"]
[EventCountry "SRI"]

1. e4 d6 2. d4 Nf6 3. Nc3 e5 4. dxe5 dxe5 5. Qxd8+ Kxd8 6. Bg5 Be6 7. O-O-O+
Nbd7 8. Nf3 Kc8 9. Bxf6 gxf6 10. Be2 c6 11. a3 b5 12. Nd2 Kc7 13. g3 Bh6 14.
Rhf1 Rhg8 15. Kb1 Nb6 16. Nb3 a5 17. Nc5 Bh3 18. Rfe1 Bf8 19. Nb3 Be6 20. Kc1
b4 21. Nb1 c5 22. f4 c4 23. N3d2 exf4 24. gxf4 Bh6 25. Rf1 Bg4 26. Rde1 Bxe2
27. Rxe2 Rg4 28. Ref2 Kc6 29. Kd1 Kc5 30. Ke2 Re8 31. Kd1 Nc8 32. axb4+ axb4
33. c3 Nb6 34. cxb4+ Kxb4 35. Nc3 Ra8 36. Nd5+ Kc5 37. Nxf6 Ra1+ 38. Ke2 Rxf1
39. Rxf1 Rxf4 40. Rxf4 Bxf4 41. Nxh7 Bxh2 42. Ng5 Bf4 43. Ngf3 Bxd2 44. Nxd2
Kd4 45. Kf3 f6 46. Kf4 Kd3 47. Nxc4 Kxc4 48. e5 1/2-1/2

[Event "Sri Lanka National B Chess Championship 2015"]
[Site "SLIIT, Malabe"]
[Date "2015.06.20"]
[Round "4"]
[Board "10"]
[White "Weerasinghe, Chamath"]
[Black "Gunaratne, Mojitha Sathsara"]
[Result "1-0"]
[WhiteElo "1825"]
[BlackElo "1899"]
[PlyCount "0"]
[EventDate "2015.06.19"]
[EventRounds "10"]
[EventCountry "SRI"]

1. e4 e5 2. Nf3 Nc6 3. Bb5 a6 4. Ba4 Nf6 5. O-O Be7 6. Re1 b5 7. Bb3 O-O 8. h3
Bb7 9. d3 d6 10. c3 Na5 11. Bc2 c5 12. d4 Qc7 13. d5 Bc8 14. Nbd2 Rb8 15. b3
Nb7 16. Nf1 a5 17. Ne3 g6 18. Qe2 Bd7 19. Bd2 Rfc8 20. c4 Nd8 21. Nh2 bxc4 22.
Nxc4 a4 23. Ba5 Qa7 24. bxa4 Nb7 25. Bb6 Qa6 26. Reb1 Bxa4 27. Bd3 Qa8 28. Nf3
Nd7 29. Nfd2 Bd8 30. Rb2 Na5 31. Bxd8 Rxd8 32. Rxb8 Rxb8 33. Nxd6 Rb2 34. Qf3
Rxd2 35. Qxf7+ Kh8 36. Ne8 Qxe8 37. Qxe8+ Kg7 38. Ba6 Rd4 39. Bc8 Nf8 40. Qe7+
Kg8 41. Qd8 Nc6 42. Qe8 1-0

[Event "Sri Lanka National B Chess Championship 2015"]
[Site "SLIIT, Malabe"]
[Date "2015.06.20"]
[Round "4"]
[Board "11"]
[White "Piyumantha, M Sasith Nipun"]
[Black "Thilakarathne, G M S"]
[Result "1-0"]
[WhiteElo "1796"]
[BlackElo "1890"]
[PlyCount "87"]
[EventDate "2015.06.19"]
[EventRounds "10"]
[EventCountry "SRI"]

1. d4 Nf6 2. c4 e6 3. g3 c5 4. d5 b5 5. dxe6 fxe6 6. Bg2 d5 7. cxd5 exd5 8. Nc3
Bb7 9. Nxb5 Be7 10. Nh3 Qd7 11. Na3 O-O 12. O-O Nc6 13. Bg5 Nd4 14. Nf4 Rfd8
15. Bh3 Qd6 16. e3 Nc6 17. Be6+ Kh8 18. Bxf6 Bxf6 19. Qxd5 Qe7 20. Qh5 Ne5 21.
Bg4 g6 22. Qh3 Kg8 23. Be2 Rd2 24. Nc4 Rxe2 25. Nxe5 Rxb2 26. Nd7 Bh8 27. Rac1
c4 28. Rxc4 Ba6 29. Rc7 Bxf1 30. Qxf1 Qe4 31. Nc5 Qb1 32. Qxb1 Rxb1+ 33. Kg2
Rb2 34. a4 Be5 35. Rd7 Bxf4 36. gxf4 Rc2 37. Ne4 Rc4 38. Ng5 h6 39. Nf7 h5 40.
Nh6+ Kf8 41. Rh7 Re8 42. f5 gxf5 43. Nxf5 Kg8 44. Rxh5 {poor recording} 1-0

[Event "Sri Lanka National B Chess Championship 2015"]
[Site "SLIIT, Malabe"]
[Date "2015.06.20"]
[Round "4"]
[Board "12"]
[White "De Silva, Osheen"]
[Black "Amarasinghe, A A C B"]
[Result "1-0"]
[WhiteElo "1888"]
[BlackElo "1829"]
[PlyCount "91"]
[EventDate "2015.06.19"]
[EventRounds "10"]
[EventCountry "SRI"]

1. e4 e5 2. Nf3 f5 3. exf5 e4 4. Qe2 Qe7 5. Nd4 Nf6 6. Nc3 c5 7. Ndb5 d5 8. g4
h6 9. f4 d4 10. g5 hxg5 11. fxg5 dxc3 12. gxf6 gxf6 13. Nxc3 Bxf5 14. Bg2 Nc6
15. Nxe4 Nd4 16. Nd6+ Kd7 17. Qxe7+ Bxe7 18. Nxf5 Nxc2+ 19. Kd1 Nxa1 20. b3
Rab8 21. Bb2 Nxb3 22. axb3 b5 23. h4 Bd8 24. h5 a5 25. h6 a4 26. bxa4 bxa4 27.
Kc2 Bc7 28. Bxf6 Rhf8 29. Bc3 Ke6 30. Ng7+ Kf7 31. Bd5+ Kg6 32. Be4+ Kf7 33. h7
a3 34. Rf1+ Ke7 35. Rxf8 Rxf8 36. Nf5+ Ke6 37. h8=Q Rxh8 38. Bxh8 c4 39. Bc3
Be5 40. Nd4+ Ke7 41. Bd5 Ke8 42. Nb5 Bf4 43. Nxa3 Bxd2 44. Kxd2 Ke7 45. Nxc4
Kd7 46. Nb2 1-0

[Event "Sri Lanka National B Chess Championship 2015"]
[Site "SLIIT, Malabe"]
[Date "2015.06.20"]
[Round "4"]
[Board "13"]
[White "Mendis, W G Chinthaka"]
[Black "Samaranayake, K P R N"]
[Result "1/2-1/2"]
[WhiteElo "1875"]
[BlackElo "1806"]
[PlyCount "101"]
[EventDate "2015.06.19"]
[EventRounds "10"]
[EventCountry "SRI"]

1. d4 Nf6 2. Nf3 g6 3. c4 Bg7 4. Nc3 d6 5. e4 O-O 6. h3 e5 7. dxe5 dxe5 8. Qxd8
Rxd8 9. Bg5 Re8 10. O-O-O Na6 11. Be3 Bf8 12. Bg5 Bg7 13. Be2 c6 14. Rd6 Nd7
15. Rhd1 Ndc5 16. Rd8 Be6 17. Rxe8+ Rxe8 18. Be3 b6 19. Rd6 Nb7 20. Rd1 f6 21.
a3 Rd8 22. Rxd8+ Nxd8 23. b4 Nc7 24. Nd2 g5 25. Kb2 Kf7 26. Nb3 Bf8 27. Na2 Nb7
28. f3 Na6 29. c5 b5 30. Nc3 Nc7 31. Bd1 Ke8 32. Nd2 a5 33. Bb3 a4 34. Bxe6
Nxe6 35. Ne2 Nbd8 36. Ng3 Kf7 37. Kc3 Ng7 38. Nf5 Ke6 39. Nxg7+ Bxg7 40. Kd3
Nf7 41. Nf1 Bf8 42. Ng3 h6 43. Nh5 Nh8 44. g3 Ng6 45. f4 gxf4 46. gxf4 exf4 47.
Bxf4 Ne5+ 48. Bxe5 fxe5 49. Ng3 Bg7 50. Kc2 Bf6 51. Ne2 1/2-1/2

[Event "Sri Lanka National B Chess Championship 2015"]
[Site "SLIIT, Malabe"]
[Date "2015.06.20"]
[Round "4"]
[Board "14"]
[White "Lasitha, Subash"]
[Black "Nanayakkara, J A K Saranath"]
[Result "1/2-1/2"]
[WhiteElo "1750"]
[BlackElo "1872"]
[PlyCount "56"]
[EventDate "2015.06.19"]
[EventRounds "10"]
[EventCountry "SRI"]

1. d4 Nf6 2. Nf3 g6 3. g3 Bg7 4. Bg2 d6 5. O-O O-O 6. c4 c6 7. Nc3 Qa5 8. Qd2
Re8 9. e4 Bg4 10. h3 Be6 11. d5 cxd5 12. cxd5 Bd7 13. Re1 Bb5 14. b4 Qb6 15. a4
Bc4 16. Rb1 Nfd7 17. Nd1 a5 18. Ne3 Rc8 19. Qc2 Qc7 20. bxa5 Ba6 21. Qxc7 Rxc7
22. Bd2 Nc5 23. Rec1 Bd3 24. Rb4 Nba6 25. Rb6 Rac8 26. e5 dxe5 27. d6 exd6 28.
Nd5 Rd7 1/2-1/2

[Event "Sri Lanka National B Chess Championship 2015"]
[Site "SLIIT, Malabe"]
[Date "2015.06.20"]
[Round "4"]
[Board "15"]
[White "Prabath, D G Ravi"]
[Black "Bhagya, Viman"]
[Result "0-1"]
[WhiteElo "1812"]
[BlackElo "2023"]
[PlyCount "84"]
[EventDate "2015.06.19"]
[EventRounds "10"]
[EventCountry "SRI"]

1. e4 e5 2. Nf3 Nc6 3. Bb5 a6 4. Ba4 Nf6 5. d3 Bc5 6. O-O b5 7. Bb3 O-O 8. Bg5
h6 9. Bh4 Be7 10. Re1 d6 11. c3 Na5 12. Bc2 c5 13. Nbd2 g5 14. Bg3 Bg4 15. Nf1
Re8 16. Ne3 Bh5 17. Nf5 Bf8 18. d4 Nc6 19. dxc5 dxc5 20. Qe2 Qc7 21. Bd1 Bg4
22. Ne3 Be6 23. Bc2 Rad8 24. h4 g4 25. Nh2 h5 26. f3 Bh6 27. fxg4 Bf4 28. Bxf4
exf4 29. Nf5 Bxf5 30. gxf5 Ne5 31. Nf3 Nfg4 32. Nxe5 Qxe5 33. Rad1 Qf6 34. Qf3
Qxh4 35. Qxf4 Rd2 36. Bd3 Rf2 37. Qd6 Re5 38. Qb8+ Kh7 39. Qxe5 Nxe5 40. Re3
Qg5 41. Kxf2 Ng4+ 42. Kg1 Qxe3+ 0-1

[Event "Sri Lanka National B Chess Championship 2015"]
[Site "SLIIT, Malabe"]
[Date "2015.06.20"]
[Round "4"]
[Board "16"]
[White "Naotunna, D R"]
[Black "Dassanayake, D M G S"]
[Result "0-1"]
[WhiteElo "1746"]
[BlackElo "1845"]
[PlyCount "49"]
[EventDate "2015.06.19"]
[EventRounds "10"]
[EventCountry "SRI"]

1. d4 Nf6 2. c4 g6 3. Nc3 d5 4. Nf3 Bg7 5. Bf4 O-O 6. e3 c5 7. Be2 cxd4 8. Nxd4
Nc6 9. Nxc6 bxc6 10. Be5 e6 11. Qd4 Qe7 12. Bf3 Ba6 13. c5 Ne8 14. Bxg7 Nxg7
15. Qa4 Qb7 16. b3 e5 17. O-O-O Rfd8 18. Rd2 Ne6 19. Qa5 Rab8 20. Rhd1 Rdc8 21.
Rc2 Kg7 22. g4 Ng5 23. Bg2 e4 24. h4 Ne6 25. Bxe4 {poor recording} 0-1

[Event "Sri Lanka National B Chess Championship 2015"]
[Site "SLIIT, Malabe"]
[Date "2015.06.20"]
[Round "4"]
[Board "17"]
[White "Munasinghe, Thisura"]
[Black "Marasinghe, H N B"]
[Result "1-0"]
[WhiteElo "1833"]
[BlackElo "1677"]
[PlyCount "55"]
[EventDate "2015.06.19"]
[EventRounds "10"]
[EventCountry "SRI"]

1. e4 c5 2. c3 Nc6 3. d4 cxd4 4. cxd4 d5 5. exd5 Qxd5 6. Nf3 Nf6 7. Nc3 Qd8 8.
d5 Nb8 9. Bf4 a6 10. Qb3 Nbd7 11. Be2 Qb6 12. Qc2 g6 13. O-O Bg7 14. Rfe1 O-O
15. Bc4 Re8 16. Qd2 Nc5 17. Ne5 Nfd7 18. d6 Nxe5 19. Bxe5 exd6 20. Bxg7 Rxe1+
21. Rxe1 Kxg7 22. Qd4+ Kh6 23. Re4 f6 24. Qe3+ g5 25. Rh4+ Kg6 26. Qe8+ Kf5 27.
g4+ Kf4 28. Qe3# 1-0

[Event "Sri Lanka National B Chess Championship 2015"]
[Site "SLIIT, Malabe"]
[Date "2015.06.20"]
[Round "4"]
[Board "18"]
[White "Gunawardena, I M P T"]
[Black "Ranasinghe, S D"]
[Result "0-1"]
[WhiteElo "1532"]
[BlackElo "1813"]
[PlyCount "106"]
[EventDate "2015.06.19"]
[EventRounds "10"]
[EventCountry "SRI"]

1. e4 c5 2. Nf3 Nc6 3. d4 cxd4 4. Nxd4 Nf6 5. Nc3 e5 6. Ndb5 d6 7. Bg5 a6 8.
Na3 b5 9. Nd5 Be7 10. Nxe7 Nxe7 11. Qf3 Ng6 12. c4 b4 13. Nc2 Rb8 14. Ne3 Be6
15. Be2 h6 16. Bxf6 Qxf6 17. Qxf6 gxf6 18. Rd1 Rb6 19. Bg4 Rc6 20. Bxe6 fxe6
21. g3 O-O 22. O-O f5 23. f3 f4 24. Ng2 Rf6 25. b3 Kf8 26. g4 Ke7 27. h4 Nf8
28. Rf2 Kd7 29. Rfd2 Kc7 30. Ne1 Rf7 31. Nd3 a5 32. c5 Rd7 33. cxd6+ Rcxd6 34.
Kf2 Ng6 35. h5 Ne7 36. Ke2 Nc6 37. Rc2 Kb6 38. Rcd2 Rd8 39. Kf2 Kc7 40. Kg2
R8d7 41. Kh3 Kd8 42. Kh4 Ke7 43. g5 hxg5+ 44. Kxg5 Rd8 45. h6 Rg8+ 46. Kh5 Kf6
47. Nf2 Rg5+ 48. Kh4 Nd4 49. Ng4+ Kg6 50. Nxe5+ Rxe5 51. Rxd4 Rh5+ 52. Kg4 Rg5+
53. Kxf4 e5+ 0-1

[Event "Sri Lanka National B Chess Championship 2015"]
[Site "SLIIT, Malabe"]
[Date "2015.06.20"]
[Round "4"]
[Board "19"]
[White "De Silva, Rasheen"]
[Black "Ellawela, Suveen"]
[Result "1/2-1/2"]
[WhiteElo "1788"]
[BlackElo "1659"]
[PlyCount "42"]
[EventDate "2015.06.19"]
[EventRounds "10"]
[EventCountry "SRI"]

1. c4 e5 2. Nc3 Nc6 3. e3 d6 4. d4 g6 5. Nf3 Bg7 6. Be2 f5 7. O-O e4 8. Ne1 Nf6
9. f4 O-O 10. Rb1 h6 11. g3 g5 12. Ng2 Ne7 13. b4 Ng6 14. c5 d5 15. b5 g4 16.
Ba3 Rf7 17. Na4 Bf8 18. Qb3 h5 19. Kf2 Rh7 20. Rh1 h4 21. Nc3 Be6 1/2-1/2

[Event "Sri Lanka National B Chess Championship 2015"]
[Site "SLIIT, Malabe"]
[Date "2015.06.20"]
[Round "4"]
[Board "20"]
[White "Anojman, S."]
[Black "Madusanka, L D P"]
[Result "1/2-1/2"]
[WhiteElo "1610"]
[BlackElo "1737"]
[PlyCount "63"]
[EventDate "2015.06.19"]
[EventRounds "10"]
[EventCountry "SRI"]

1. d4 f5 2. e4 fxe4 3. Nc3 Nf6 4. f3 e3 5. Bxe3 e6 6. Bc4 Bb4 7. Nge2 Nc6 8.
O-O d5 9. Bb5 O-O 10. a3 Bd6 11. Qd2 a6 12. Bd3 e5 13. Rae1 exd4 14. Nxd4 Nxd4
15. Bxd4 c6 16. Na4 Qc7 17. f4 c5 18. Be5 d4 19. b4 b6 20. bxc5 bxc5 21. Bc4+
Kh8 22. c3 Bd7 23. Nb2 Bxe5 24. fxe5 dxc3 25. Qxc3 Ng4 26. Rxf8+ Rxf8 27. h3
Nh6 28. e6 Be8 29. e7 Rf6 30. Qd3 Nf7 31. Qd5 Qf4 32. Nd3 1/2-1/2

[Event "Sri Lanka National B Chess Championship 2015"]
[Site "SLIIT, Malabe"]
[Date "2015.06.21"]
[Round "5"]
[Board "2"]
[White "Peiris, T S S"]
[Black "Kurukulasuriya, Prasanna"]
[Result "1/2-1/2"]
[WhiteElo "2026"]
[BlackElo "2102"]
[PlyCount "42"]
[EventDate "2015.06.19"]
[EventRounds "10"]
[EventCountry "SRI"]

1. e4 e5 2. Nf3 Nc6 3. Bb5 a6 4. Ba4 Nf6 5. O-O b5 6. Bb3 Be7 7. Re1 O-O 8. a4
Bb7 9. d3 d6 10. c3 Na5 11. Bc2 c5 12. Nbd2 Re8 13. Nf1 h6 14. d4 exd4 15. cxd4
Bf8 16. Ng3 Nc6 17. h3 g6 18. b3 cxd4 19. axb5 axb5 20. Rxa8 Bxa8 21. Nxd4 Nxd4
 1/2-1/2